Laddar...

Monetary approach to the balance of payments

Bibliografiska uppgifter
Huvudupphovsman: Frenkel, Jacob A; Johnson, Harry G
Materialtyp: Printed Book
Publicerad: George Allen & Unwin Ltd., London 1977
Ämnen:
LEADER 00525nam a2200193 4500
020
082 |a 337 FRE-M 
100 |a Frenkel, Jacob A; Johnson, Harry G 
245 |a Monetary approach to the balance of payments 
250
260 |a George Allen & Unwin Ltd., London  |c 1977 
300
490
500
590
650 |a International economics 
942 |c BK 
999 |c 109934  |d 109934 
952 |0 0  |1 0  |4 0  |6 337_000000000000000_FREM  |7 0  |9 123401  |a ECN  |b ECN  |l 0  |o 337 FRE-M  |p ECN06962  |r 2019-09-25  |w 2019-09-25  |y BK